[Event "Titled Tuesday intern op 04th Feb Late"]
[Site "Chess.com INT"]
[Date "2025.02.04"]
[Round "5"]
[White "O'Sullivan, Thomas"]
[Black "Bartel, Marta"]
[Result "0-1"]
[WhiteElo "2340"]
[BlackElo "2212"]
[PlyCount "42"]
[EventDate "2025.02.04"]
[EventType "swiss (blitz)"]
[EventRounds "11"]
[EventCountry "USA"]
[SourceTitle "CB07_2025"]
[SourceDate "2025.02.12"]
[SourceVersion "1"]
[SourceVersionDate "2025.02.12"]
[SourceQuality "1"]

1. d4 Nf6 2. c4 g6 3. f3 d5 4. cxd5 Nxd5 5. e4 Nb6 6. Nc3 Bg7 7. Be3 0-0 8. Qd2 Be6 9. 0-0-0 Nc4 10. Bxc4 Bxc4 11. h4 c5 12. d5 Qa5 13. a3 Bb3 14. Re1 Rd8 15. h5 Nc6 16. hxg6 hxg6 17. g4 Ne5 18. Qh2 Nd3+ 19. Kb1 Bxc3 20. bxc3 Qxc3 21. e5 Qxe1+ 0-1

[Event "Titled Tuesday intern op 04th Feb Late"]
[Site "Chess.com INT"]
[Date "2025.02.04"]
[Round "1"]
[White "Williams, Simon Kim"]
[Black "Bartel, Marta"]
[Result "1-0"]
[WhiteElo "2446"]
[BlackElo "2212"]
[PlyCount "123"]
[EventDate "2025.02.04"]
[EventType "swiss (blitz)"]
[EventRounds "11"]
[EventCountry "USA"]
[SourceTitle "CB07_2025"]
[SourceDate "2025.02.12"]
[SourceVersion "1"]
[SourceVersionDate "2025.02.12"]
[SourceQuality "1"]

1. d4 Nf6 2. Nc3 d5 3. Bf4 g6 4. e3 Bg7 5. Be2 0-0 6. Nf3 Nbd7 7. Ne5 c6 8. h4 Ne4 9. Nxe4 dxe4 10. Nxd7 Bxd7 11. h5 g5 12. h6 Bf6 13. Bg3 Qa5+ 14. c3 c5 15. 0-0 Bf5 16. Bg4 Bg6 17. Qb3 b6 18. a4 cxd4 19. cxd4 e5 20. d5 Rfd8 21. Rfd1 Bh8 22. d6 Kf8 23. Rd5 Qa6 24. Qd1 f5 25. Be2 Qb7 26. Bxe5 Bf7 27. Bg7+ Bxg7 28. hxg7+ Kxg7 29. Rxf5 Qd7 30. Rxg5+ Bg6 31. Rd5 Qe6 32. Qd4+ Qf6 33. Qxf6+ Kxf6 34. Rad1 Rac8 35. R5d2 Rc6 36. d7 Ke7 37. Bb5 Rc5 38. g4 Bf7 39. Kg2 Be6 40. Kg3 Rg5 41. Be2 Rxd7 42. Rxd7+ Bxd7 43. Rh1 Rg7 44. b3 Be6 45. b4 Bb3 46. a5 bxa5 47. bxa5 Kd6 48. Rh5 Kc6 49. Kf4 Be6 50. g5 Bf7 51. Rh6+ Bg6 52. Bc4 Re7 53. Rh1 Kc5 54. Rc1 Kb4 55. a6 Re8 56. Bd5 Rf8+ 57. Kg3 Rf3+ 58. Kg2 Rf5 59. Rc4+ Kb5 60. Rd4 Rxg5+ 61. Kf1 Rh5 62. Bxe4 1-0

[Event "POL-chT Ekstraliga"]
[Site "Walbrzych"]
[Date "2024.10.15"]
[Round "9.12"]
[White "Bartel, Marta"]
[Black "Kiolbasa, Oliwia"]
[Result "0-1"]
[WhiteElo "2214"]
[BlackElo "2351"]
[PlyCount "88"]
[EventDate "2024.10.07"]
[EventType "team-tourn"]
[EventRounds "9"]
[EventCountry "POL"]
[SourceTitle "CB42_2024"]
[Source "ChessBase"]
[SourceDate "2024.10.16"]
[SourceVersion "1"]
[SourceVersionDate "2024.10.16"]
[SourceQuality "1"]
[WhiteTeam "Wisznia Mala Bialy Krol"]
[BlackTeam "Bydgoszcz Energia Gwiazda"]
[WhiteTeamCountry "POL"]
[BlackTeamCountry "POL"]

1. d4 d5 2. Nf3 Nf6 3. Bf4 c5 4. e3 Nc6 5. Nbd2 Bg4 6. c3 e6 7. Qb3 Qb6 8. Qxb6 axb6 9. Bb5 Nd7 10. h3 Bh5 11. g4 Bg6 12. Nh4 Bc2 13. Be2 e5 14. dxe5 Ndxe5 15. 0-0 Nd3 16. Bxd3 Bxd3 17. Rfe1 0-0-0 18. Ndf3 f6 19. Bg3 g5 20. Ng2 h5 21. Rad1 Bg6 22. Re2 hxg4 23. hxg4 Rh3 24. Red2 Be7 25. Kf1 Be4 26. Nge1 Rdh8 27. Ng1 Rxg3 28. fxg3 Ne5 29. Rxd5 Nxg4 30. Rd7 Nxe3+ 31. Ke2 Nf5 32. R1d2 Bc6 33. R7d3 c4 34. Rf3 Rh2+ 35. Kd1 Rxd2+ 36. Kxd2 Bxf3 37. Nexf3 Nxg3 38. Ne2 Nxe2 39. Kxe2 Kd7 40. a4 Ke6 41. Nd2 Kd5 42. Kf3 f5 43. b3 cxb3 44. Nxb3 Bf6 0-1

[Event "POL-chT Ekstraliga"]
[Site "Walbrzych"]
[Date "2024.10.11"]
[Round "5.30"]
[White "Kozubal, Aleksandra"]
[Black "Bartel, Marta"]
[Result "0-1"]
[WhiteElo "1842"]
[BlackElo "2214"]
[PlyCount "52"]
[EventDate "2024.10.07"]
[EventType "team-tourn"]
[EventRounds "9"]
[EventCountry "POL"]
[SourceTitle "CB42_2024"]
[Source "ChessBase"]
[SourceDate "2024.10.16"]
[SourceVersion "1"]
[SourceVersionDate "2024.10.16"]
[SourceQuality "1"]
[WhiteTeam "Sedziszow Malopolski"]
[BlackTeam "Wisznia Mala Bialy Krol"]
[WhiteTeamCountry "POL"]
[BlackTeamCountry "POL"]

1. d4 d5 2. c4 e6 3. Nc3 a6 4. e3 Nf6 5. Nf3 Be7 6. Be2 0-0 7. 0-0 dxc4 8. Bxc4 b5 9. Bd3 Bb7 10. a3 c5 11. Qe2 Nbd7 12. Rd1 Qb6 13. b3 Rac8 14. Bb2 cxd4 15. exd4 Nd5 16. Nxd5 Bxd5 17. b4 Bf6 18. Ne5 Qb7 19. Qg4 g6 20. h4 Bg7 21. h5 Nf6 22. Qg5 Nxh5 23. Ng4 Bxg2 24. Nh6+ Bxh6 25. Qxh6 Qf3 26. Qg5 Nf4 0-1

[Event "POL-chT Ekstraliga"]
[Site "Walbrzych"]
[Date "2024.10.10"]
[Round "4.24"]
[White "Bartel, Marta"]
[Black "Antolak, Julia"]
[Result "0-1"]
[WhiteElo "2214"]
[BlackElo "2281"]
[PlyCount "110"]
[EventDate "2024.10.07"]
[EventType "team-tourn"]
[EventRounds "9"]
[EventCountry "POL"]
[SourceTitle "CB42_2024"]
[Source "ChessBase"]
[SourceDate "2024.10.16"]
[SourceVersion "1"]
[SourceVersionDate "2024.10.16"]
[SourceQuality "1"]
[WhiteTeam "Wisznia Mala Bialy Krol"]
[BlackTeam "Gliwice Akademia Szachowa"]
[WhiteTeamCountry "POL"]
[BlackTeamCountry "POL"]

1. d4 d5 2. Nf3 e6 3. e3 Nf6 4. Bd3 c5 5. 0-0 Nc6 6. b3 Bd6 7. dxc5 Bxc5 8. Bb2 0-0 9. a3 Qe7 10. b4 Bd6 11. b5 Nb8 12. Ne5 Nbd7 13. f4 Nc5 14. Nd2 Nxd3 15. cxd3 Nd7 16. Nxd7 Bxd7 17. Qb3 Rfc8 18. Rac1 Qd8 19. a4 a6 20. Nf3 axb5 21. axb5 Qb6 22. Nd4 Bc5 23. Rb1 Ra5 24. Qd1 f6 25. Kh1 Qd6 26. Qe1 Ra2 27. Qg3 Bxd4 28. Bxd4 Rcc2 29. Rg1 Qe7 30. b6 Be8 31. e4 dxe4 32. dxe4 Bc6 33. Rbe1 f5 34. exf5 Rxg2 35. Rxg2 Rxg2 36. Qxg2 Bxg2+ 37. Kxg2 Qb4 38. Rd1 exf5 39. Be3 Qe7 40. Kf3 Qh4 41. Rd7 Qh3+ 42. Ke2 Qxh2+ 43. Kd3 Qg2 44. Rd8+ Kf7 45. Bd4 Qe4+ 46. Kc4 Qc6+ 47. Bc5 h5 48. Rd5 Qa4+ 49. Bb4 Qc2+ 50. Bc3 Qe4+ 51. Kc5 g6 52. Rd7+ Ke8 53. Rc7 h4 54. Kd6 Qd3+ 55. Kc5 Qxc3+ 0-1

[Event "Titled Tuesday intern op 02nd Apr Late"]
[Site "Chess.com INT"]
[Date "2024.04.02"]
[Round "1"]
[White "Ozates, Tuna"]
[Black "Bartel, Marta"]
[Result "0-1"]
[WhiteElo "2290"]
[BlackElo "2214"]
[PlyCount "120"]
[EventDate "2024.04.02"]
[EventType "swiss (blitz)"]
[EventRounds "11"]
[EventCountry "USA"]
[SourceTitle "CBM 219 Extra"]
[Source "ChessBase"]
[SourceDate "2024.05.31"]
[SourceVersion "1"]
[SourceVersionDate "2024.05.31"]
[SourceQuality "1"]

1. e4 c5 2. Nc3 Nc6 3. Bb5 d6 4. Bxc6+ bxc6 5. f4 g6 6. Nf3 Bg7 7. 0-0 Nf6 8. d3 0-0 9. Qe1 Rb8 10. Qh4 e6 11. f5 exf5 12. Bh6 Bxh6 13. Qxh6 Ng4 14. Qh3 fxe4 15. Nxe4 h5 16. Nfg5 d5 17. Nxf7 Rxf7 18. Rxf7 Kxf7 19. Rf1+ Kg7 20. Nxc5 Qg5 21. Qf3 Qe3+ 22. Qxe3 Nxe3 23. Re1 Nxc2 24. Re7+ Kf6 25. Rxa7 Rxb2 26. Rc7 Bg4 27. Rxc6+ Kg5 28. h3 Bf5 29. a4 Ne3 30. Ne6+ Bxe6 31. Rxe6 d4 32. Kh1 Ra2 33. Re5+ Kf6 34. Rb5 Rxa4 35. Rc5 Ra3 36. Rc6+ Kf5 37. Rc5+ Kf4 38. Rc6 g5 39. Kh2 Rxd3 40. Rc8 Rd2 41. Rf8+ Ke5 42. Re8+ Kd5 43. Rg8 Rxg2+ 44. Kh1 Rf2 45. Rxg5+ Rf5 46. Rg8 Ke4 47. Re8+ Kd3 48. Kh2 Ke2 49. h4 d3 50. Ra8 d2 51. Ra2 Rf2+ 52. Kg3 Rf3+ 53. Kh2 Ng4+ 54. Kg2 Rf2+ 55. Kg3 Rf3+ 56. Kg2 Rd3 57. Rb2 Ke1 58. Rb7 d1Q 59. Re7+ Qe2+ 60. Rxe2+ Kxe2 0-1

[Event "POL-chT 1st League"]
[Site "Leba"]
[Date "2023.09.30"]
[Round "8.2"]
[White "Poznanska, Katarzyna"]
[Black "Bartel, Marta"]
[Result "0-1"]
[WhiteElo "2020"]
[BlackElo "2190"]
[PlyCount "164"]
[EventDate "2023.09.23"]
[EventType "team-swiss"]
[EventRounds "9"]
[EventCountry "POL"]
[SourceTitle "CBM 216 Extra"]
[Source "ChessBase"]
[SourceDate "2023.11.30"]
[SourceVersion "1"]
[SourceVersionDate "2023.11.30"]
[SourceQuality "1"]
[WhiteTeam "Opole Rodlo"]
[BlackTeam "Wisznia Mala Bialy Krol"]
[WhiteTeamCountry "POL"]
[BlackTeamCountry "POL"]

1. e4 c5 2. Nf3 d6 3. d4 cxd4 4. Qxd4 a6 5. c4 Nc6 6. Qe3 Nf6 7. h3 g6 8. Nc3 Bg7 9. Be2 0-0 10. 0-0 Rb8 11. Rb1 Be6 12. Bd2 Nd7 13. Nd5 b5 14. cxb5 axb5 15. Rbc1 Nde5 16. Nxe5 Nxe5 17. b4 Rb7 18. f4 Bxd5 19. exd5 Nd7 20. Bc3 Bxc3 21. Qxc3 Qb6+ 22. Kh1 Nf6 23. Bf3 Ra8 24. Rc2 Rba7 25. Re1 h5 26. f5 Ra3 27. Qd2 Qb7 28. fxg6 fxg6 29. Qh6 Kf7 30. Rce2 Rg8 31. Be4 Ra7 32. Rf1 Rg7 33. Re3 h4 34. Qxh4 Kg8 35. Qg5 Rxa2 36. Bf3 Qa7 37. Rfe1 Ra1 38. Kh2 Rxe1 39. Rxe1 Qd4 40. Rc1 Qxb4 41. Rc8+ Kh7 42. Bg4 Nxg4+ 43. hxg4 Qe1 44. g3 Qf2+ 45. Kh3 Qf1+ 46. Kh2 Qf6 47. Qxf6 exf6 48. Rb8 Re7 49. Rxb5 Re5 50. Kg2 Kh6 51. Kf3 Kg5 52. Ra5 f5 53. gxf5 Kxf5 54. g4+ Kf6 55. Rb5 g5 56. Ra5 Re1 57. Ra7 Rf1+ 58. Kg3 Rd1 59. Rd7 Rxd5 60. Rd8 Rd3+ 61. Kf2 Ke5 62. Rf8 Ke4 63. Rf5 Rd5 64. Rf8 Re5 65. Rf6 d5 66. Rf8 d4 67. Ke2 Ra5 68. Re8+ Kf4 69. Kd3 Ra4 70. Re4+ Kf3 71. Re8 Kxg4 72. Rf8 Kg3 73. Rf7 g4 74. Rf6 Kg2 75. Rg6 g3 76. Rg4 Ra3+ 77. Kd2 d3 78. Rg6 Kf2 79. Rf6+ Kg1 80. Rg6 g2 81. Rg5 Ra2+ 82. Kd1 Kf1 0-1

[Event "POL-chT 1st League"]
[Site "Leba"]
[Date "2023.09.24"]
[Round "2.4"]
[White "Wikar, Martyna"]
[Black "Bartel, Marta"]
[Result "1/2-1/2"]
[WhiteElo "2136"]
[BlackElo "2190"]
[PlyCount "91"]
[EventDate "2023.09.23"]
[EventType "team-swiss"]
[EventRounds "9"]
[EventCountry "POL"]
[SourceTitle "CBM 216 Extra"]
[Source "ChessBase"]
[SourceDate "2023.11.30"]
[SourceVersion "1"]
[SourceVersionDate "2023.11.30"]
[SourceQuality "1"]
[WhiteTeam "Sedziszow Malopolski"]
[BlackTeam "Wisznia Mala Bialy Krol"]
[WhiteTeamCountry "POL"]
[BlackTeamCountry "POL"]

1. e4 c6 2. Nf3 d5 3. Nc3 Bg4 4. h3 Bxf3 5. Qxf3 dxe4 6. Nxe4 Nd7 7. d4 Ngf6 8. Nxf6+ Nxf6 9. c3 e6 10. Bd3 Qd5 11. Qxd5 Nxd5 12. 0-0 Bd6 13. Re1 0-0 14. c4 Nf6 15. Bd2 Rfd8 16. Bc3 Bc7 17. Rad1 Rd7 18. Bc2 a6 19. Re2 b5 20. b3 Rad8 21. Red2 Bf4 22. Rd3 Bc7 23. g3 Bb6 24. R3d2 a5 25. Kf1 b4 26. Bb2 Kf8 27. Ke2 h6 28. f4 c5 29. d5 exd5 30. Bxf6 gxf6 31. Rxd5 Rxd5 32. cxd5 Ke7 33. Kf3 Kd6 34. Bd3 Re8 35. Bc4 h5 36. g4 h4 37. g5 fxg5 38. fxg5 Bd8 39. Kf4 Rg8 40. Rg1 Rg6 41. Kf5 Be7 42. Be2 Rg7 43. Bc4 Rg6 44. Rg4 Rg7 45. Rg2 Rg6 46. Rg4 1/2-1/2

[Event "Opole AZS op 1st"]
[Site "Opole"]
[Date "2023.08.15"]
[Round "6"]
[White "Bartel, Marta"]
[Black "Cichon, Bartlomiej"]
[Result "0-1"]
[WhiteElo "2102"]
[BlackElo "1768"]
[PlyCount "118"]
[EventDate "2023.08.15"]
[EventType "swiss (rapid)"]
[EventRounds "9"]
[EventCountry "POL"]
[SourceTitle "EXT 2024"]
[Source "ChessBase"]
[SourceDate "2023.10.10"]
[SourceVersion "1"]
[SourceVersionDate "2023.10.10"]
[SourceQuality "1"]

1. d4 Nf6 2. Nf3 g6 3. c4 Bg7 4. Nc3 0-0 5. Bg5 d6 6. e3 Nbd7 7. Be2 c6 8. Qc2 e5 9. 0-0 Qc7 10. Rfd1 Re8 11. Bh4 Nf8 12. h3 Bf5 13. Qb3 Ne4 14. Nxe4 Bxe4 15. Bg3 Bxf3 16. Bxf3 Ne6 17. d5 Nc5 18. Qc2 a5 19. e4 cxd5 20. cxd5 Rec8 21. Bg4 Rcb8 22. f4 Qb6 23. Kh2 exf4 24. Bxf4 Re8 25. Bf3 Rac8 26. Rac1 Qxb2 27. Qxb2 Bxb2 28. Rb1 Be5 29. Bxe5 Rxe5 30. Rb5 a4 31. Rb6 Rd8 32. Rc1 Rd7 33. Rc4 Kf8 34. Bg4 Rd8 35. Bf3 Ke7 36. Rcb4 f5 37. exf5 Rxf5 38. Rh4 h5 39. Rhb4 Kf6 40. Rb1 Ke7 41. Re1+ Kd7 42. Re3 Rff8 43. Rb4 Rde8 44. Rc3 Re1 45. Rb6 Kc7 46. Rb4 Kd7 47. Rb6 Rfe8 48. Rb4 Ra1 49. a3 Rae1 50. Rf4 R1e3 51. Rcc4 Rxa3 52. Rf6 Ra1 53. Rxg6 a3 54. Bxh5 a2 55. Rg7+ Re7 56. Bg4+ Kd8 57. Rg8+ Re8 58. Rxe8+ Kxe8 59. Bh5+ Ke7 0-1

[Event "Warsaw Maciei Memorial"]
[Site "Warsaw"]
[Date "2023.07.10"]
[Round "5"]
[White "Bartel, Marta"]
[Black "Chylewski, Patryk"]
[Result "0-1"]
[WhiteElo "2190"]
[BlackElo "2290"]
[PlyCount "72"]
[EventDate "2023.07.10"]
[EventType "swiss (blitz)"]
[EventRounds "11"]
[EventCountry "POL"]
[SourceTitle "CBM 215 Extra"]
[Source "ChessBase"]
[SourceDate "2023.09.30"]
[SourceVersion "1"]
[SourceVersionDate "2023.09.30"]
[SourceQuality "1"]

1. d4 Nf6 2. Nf3 e6 3. c4 b6 4. a3 Bb7 5. Nc3 g6 6. Bg5 Bg7 7. e3 h6 8. Bh4 d6 9. Be2 Nbd7 10. 0-0 0-0 11. Qc2 g5 12. Bg3 Nh5 13. Nd2 Nxg3 14. hxg3 f5 15. Bf3 Bxf3 16. Nxf3 Qe7 17. Rad1 Qf7 18. e4 f4 19. gxf4 Qxf4 20. Ne2 Qf7 21. Ng3 Qg6 22. d5 Ne5 23. Nd4 exd5 24. cxd5 Rf7 25. Ndf5 Bf6 26. Qe2 g4 27. Qa6 h5 28. Ne2 Bg5 29. Qb7 Raf8 30. Rc1 Qh7 31. Rc2 h4 32. Ned4 h3 33. g3 h2+ 34. Kh1 Nf3 35. Nxf3 gxf3 36. Rc3 Qh3 0-1

[Event "Warsaw Maciei Memorial"]
[Site "Warsaw"]
[Date "2023.07.10"]
[Round "4"]
[White "Dworakowska, Joanna"]
[Black "Bartel, Marta"]
[Result "0-1"]
[WhiteElo "2334"]
[BlackElo "2190"]
[PlyCount "62"]
[EventDate "2023.07.10"]
[EventType "swiss (blitz)"]
[EventRounds "11"]
[EventCountry "POL"]
[SourceTitle "CBM 215 Extra"]
[Source "ChessBase"]
[SourceDate "2023.09.30"]
[SourceVersion "1"]
[SourceVersionDate "2023.09.30"]
[SourceQuality "1"]

1. e4 c5 2. Nf3 d6 3. d4 cxd4 4. Nxd4 Nf6 5. Nc3 Nc6 6. Bg5 Qb6 7. Nb3 e6 8. Qd2 a6 9. Be2 Be7 10. 0-0 0-0 11. Kh1 Qc7 12. a4 b6 13. Rad1 Rd8 14. f4 Bb7 15. Qe3 Nb4 16. Rd2 Rac8 17. Nd4 h6 18. Bh4 d5 19. Bxf6 Bxf6 20. e5 Be7 21. Qh3 Nc6 22. Nxe6 fxe6 23. Qxe6+ Kh8 24. Nxd5 Rxd5 25. Qxd5 Rd8 26. Bc4 Rxd5 27. Bxd5 Nb4 28. Bxb7 Qxb7 29. Rfd1 Qe4 30. c3 Nc6 31. Rf1 Bc5 0-1

[Event "Wroclaw Litwinska Memorial op 2nd"]
[Site "Wroclaw"]
[Date "2022.11.05"]
[Round "4"]
[White "Bartel, Marta"]
[Black "Kiolbasa, Oliwia"]
[Result "1/2-1/2"]
[WhiteElo "2190"]
[BlackElo "2406"]
[PlyCount "120"]
[EventDate "2022.11.05"]
[EventType "swiss (rapid)"]
[EventRounds "7"]
[EventCountry "POL"]
[SourceTitle "EXT 2024"]
[Source "ChessBase"]
[SourceDate "2023.10.10"]
[SourceVersion "1"]
[SourceVersionDate "2023.10.10"]
[SourceQuality "1"]

1. d4 d5 2. c4 e6 3. Nf3 Nf6 4. Nc3 Nbd7 5. cxd5 exd5 6. Bg5 h6 7. Bh4 c6 8. e3 Be7 9. Be2 0-0 10. 0-0 Ne4 11. Bxe7 Qxe7 12. Qc2 Re8 13. Rab1 g6 14. b4 a6 15. a4 b5 16. Nxe4 dxe4 17. Nd2 Nf6 18. Qxc6 Bd7 19. Qc5 bxa4 20. Rfc1 Kf8 21. Qa5 Reb8 22. Rc5 Bb5 23. Bd1 Nd7 24. Rc7 Qd8 25. Rbc1 Nb6 26. Nxe4 Nd5 27. R7c5 Qxa5 28. bxa5 Nb4 29. Ra1 Nd3 30. Rc7 Rc8 31. Rxc8+ Rxc8 32. h3 Rc1 33. Rxc1 Nxc1 34. Nc5 a3 35. Nb3 a2 36. Na1 Bc4 37. f3 Ke7 38. e4 Kd6 39. Kf2 Kc6 40. Ba4+ Bb5 41. Bc2 Nd3+ 42. Bxd3 Bxd3 43. Ke3 Bf1 44. Kf2 Bc4 45. Ke3 Kb5 46. h4 Kb4 47. Kd2 Bb3 48. Kd3 Ba4 49. g3 h5 50. g4 Bd1 51. gxh5 gxh5 52. f4 Bf3 53. Ke3 Kc3 54. Kxf3 Kb2 55. d5 Kxa1 56. d6 Kb2 57. d7 a1Q 58. d8Q Qf1+ 59. Ke3 Qe1+ 60. Kf3 Qf1+ 1/2-1/2

[Event "Wroclaw Litwinska Memorial op 2nd"]
[Site "Wroclaw"]
[Date "2022.11.05"]
[Round "2"]
[White "Mkrtchian, Lilit"]
[Black "Bartel, Marta"]
[Result "1/2-1/2"]
[WhiteElo "2380"]
[BlackElo "2190"]
[PlyCount "157"]
[EventDate "2022.11.05"]
[EventType "swiss (rapid)"]
[EventRounds "7"]
[EventCountry "POL"]
[SourceTitle "EXT 2024"]
[Source "ChessBase"]
[SourceDate "2023.10.10"]
[SourceVersion "1"]
[SourceVersionDate "2023.10.10"]
[SourceQuality "1"]

1. Nf3 Nf6 2. c4 g6 3. g3 Bg7 4. Bg2 0-0 5. 0-0 c6 6. b3 d5 7. Bb2 a5 8. d3 Re8 9. Nbd2 Nbd7 10. Rc1 e5 11. cxd5 cxd5 12. Qc2 e4 13. dxe4 dxe4 14. Ng5 e3 15. Nc4 Ra6 16. Nxe3 h6 17. Nf3 Qe7 18. Rfd1 Rc6 19. Qb1 Nb8 20. Nd4 Rxc1 21. Qxc1 Ne4 22. Nd5 Qe5 23. Nc7 Rd8 24. Ncb5 Na6 25. Qe3 Qxb5 26. Qxe4 Qb4 27. e3 Bf5 28. Qxb7 Qxb7 29. Bxb7 Nc5 30. Bg2 Bg4 31. Rd2 a4 32. b4 Ne6 33. h3 Bf5 34. a3 Bb1 35. b5 Nc5 36. Bc3 Ne4 37. Bxe4 Bxe4 38. f3 Bb7 39. Kf2 Rd5 40. Rb2 Rc5 41. Bb4 Rxb5 42. Nxb5 Bxb2 43. e4 Bc6 44. Nd6 Bd4+ 45. Kg2 Kg7 46. Nc4 Bb5 47. Nd2 Be3 48. Nb1 f6 49. Nc3 Bc6 50. Nd5 Bc1 51. Kf2 Kf7 52. Ke2 Ke6 53. Kd1 Bb2 54. Nf4+ Kf7 55. Nd3 Bd4 56. Kd2 h5 57. Bc3 Bb6 58. e5 Bxf3 59. exf6 Bc7 60. Be5 Bd8 61. Ke3 Bc6 62. Nb4 Bg2 63. h4 Bh1 64. Nd3 Bb6+ 65. Kf4 Ba5 66. Bd4 Bc7+ 67. Be5 Ba5 68. Ke3 Bb6+ 69. Kf4 Ba5 70. Nb4 Bb7 71. Kg5 Bb6 72. Kf4 Ba5 73. g4 hxg4 74. Kxg4 Bb6 75. Bc3 Bf2 76. Nc2 Bc8+ 77. Kg5 Bf5 78. Bd4 Bxc2 79. Bxf2 1/2-1/2

[Event "Titled Tuesday intern op 04th Oct Late"]
[Site "Chess.com INT"]
[Date "2022.10.04"]
[Round "4"]
[White "Bartel, Marta"]
[Black "Mirzoev, Azer"]
[Result "0-1"]
[WhiteElo "2190"]
[BlackElo "2462"]
[PlyCount "116"]
[EventDate "2022.10.04"]
[EventType "swiss (blitz)"]
[EventRounds "11"]
[EventCountry "USA"]
[SourceTitle "EXT 2023"]
[Source "ChessBase"]
[SourceDate "2022.10.05"]
[SourceVersion "1"]
[SourceVersionDate "2022.10.05"]
[SourceQuality "1"]

1. d4 Nf6 2. c4 e6 3. Nf3 c5 4. d5 exd5 5. cxd5 d6 6. Nc3 a6 7. a4 g6 8. Bf4 Bg7 9. h3 0-0 10. e3 Re8 11. Be2 Ne4 12. Nxe4 Rxe4 13. Qc2 Bf5 14. Bd3 Rb4 15. Bxf5 Rxb2 16. Qd3 gxf5 17. 0-0 Nd7 18. Qxf5 Nf8 19. Ng5 Qd7 20. Qxd7 Nxd7 21. Rab1 Nb6 22. e4 Nxa4 23. Bxd6 c4 24. e5 Rd8 25. Ne4 b5 26. Rxb2 Nxb2 27. Ra1 Na4 28. f4 c3 29. Rc1 Rc8 30. Bb4 Rc4 31. d6 Rxb4 32. d7 Rd4 33. Nd6 Rxd6 34. exd6 Bf6 35. Kf2 b4 36. Ke3 b3 37. Kd3 b2 38. Rb1 Nc5+ 39. Kc2 Nxd7 40. g4 h6 41. h4 Nb6 42. g5 hxg5 43. hxg5 Bg7 44. Re1 Kf8 45. f5 Bd4 46. f6 Bc5 47. Kxc3 Bxd6 48. Kxb2 Bf4 49. Rg1 Be5+ 50. Kb3 Nd5 51. Ka4 Nf4 52. Ka5 Ng6 53. Kxa6 Ke8 54. Kb5 Kd7 55. Kb6 Ke6 56. Kc6 Bf4 57. Re1+ Kf5 58. Re7 Ne5+ 0-1

[Event "POL-chT Ekstraliga"]
[Site "Bydgoszcz"]
[Date "2022.09.08"]
[Round "6.2"]
[White "Bartel, Marta"]
[Black "Batsiashvili, Nino"]
[Result "0-1"]
[WhiteElo "2192"]
[BlackElo "2477"]
[PlyCount "104"]
[EventDate "2022.09.03"]
[EventType "team-tourn"]
[EventRounds "9"]
[EventCountry "POL"]
[SourceTitle "CBM 210 Extra"]
[Source "ChessBase"]
[SourceDate "2022.11.30"]
[SourceVersion "1"]
[SourceVersionDate "2022.11.30"]
[SourceQuality "1"]
[WhiteTeam "Wisznia Mala Bialy Krol"]
[BlackTeam "Krakow Dwie Wieze"]
[WhiteTeamCountry "POL"]
[BlackTeamCountry "POL"]

1. d4 d5 2. c4 e6 3. Nc3 a6 4. cxd5 exd5 5. Nf3 Nf6 6. Bg5 Be6 7. e3 Nbd7 8. Bd3 h6 9. Bf4 Be7 10. 0-0 0-0 11. Rc1 c6 12. h3 Rc8 13. Bb1 b5 14. Ne5 c5 15. dxc5 Nxc5 16. Ne2 Qb6 17. Nd4 b4 18. g4 Bd6 19. Nd3 Nxd3 20. Qxd3 Bxf4 21. exf4 Rc4 22. Rcd1 Bd7 23. Rfe1 Rfc8 24. Kg2 Ba4 25. Rd2 Rc1 26. Rxc1 Rxc1 27. Bc2 Bxc2 28. Rxc2 Rxc2 29. Nxc2 Qc5 30. Ne3 a5 31. g5 Nh5 32. Qf5 Qd6 33. Kf3 d4 34. Nd5 hxg5 35. fxg5 g6 36. Qe4 Qd7 37. h4 Kh7 38. Qxd4 Qf5+ 39. Ke3 Qc2 40. Qd2 Qc4 41. Qd4 Qxa2 42. Ke4 b3 43. Kf3 Qb1 44. Kg2 Qc2 45. Nf6+ Nxf6 46. Qxf6 Qc4 47. f4 a4 48. Kf3 Qd3+ 49. Kf2 Qf5 50. Qd4 a3 51. bxa3 Qc2+ 52. Kg3 b2 0-1

[Event "POL-chT Ekstraliga"]
[Site "Bydgoszcz"]
[Date "2022.09.06"]
[Round "4.1"]
[White "Bartel, Marta"]
[Black "Kiolbasa, Oliwia"]
[Result "0-1"]
[WhiteElo "2192"]
[BlackElo "2410"]
[PlyCount "118"]
[EventDate "2022.09.03"]
[EventType "team-tourn"]
[EventRounds "9"]
[EventCountry "POL"]
[SourceTitle "CBM 210 Extra"]
[Source "ChessBase"]
[SourceDate "2022.11.30"]
[SourceVersion "1"]
[SourceVersionDate "2022.11.30"]
[SourceQuality "1"]
[WhiteTeam "Wisznia Mala Bialy Krol"]
[BlackTeam "Bydgoszcz Energia Gwiazda"]
[WhiteTeamCountry "POL"]
[BlackTeamCountry "POL"]

1. Nf3 d5 2. g3 Nf6 3. Bg2 e6 4. 0-0 Be7 5. d3 c5 6. Nbd2 Nc6 7. e4 0-0 8. Re1 b5 9. e5 Nd7 10. Nf1 Bb7 11. h4 Qc7 12. Bf4 Rfc8 13. h5 h6 14. N1h2 Qd8 15. Qd2 a5 16. Ng4 Bf8 17. a4 bxa4 18. Rxa4 c4 19. d4 Nb4 20. Bf1 Bc6 21. Raa1 Bb5 22. Ne3 a4 23. g4 Be7 24. Nd1 Nf8 25. Nc3 Be8 26. Be2 Nh7 27. Bd1 Rcb8 28. Kh2 Rb7 29. Rg1 Nc6 30. Ra2 Ng5 31. Nxg5 hxg5 32. Be3 Qb8 33. Kh3 Rxb2 34. Rxa4 Rxa4 35. Nxa4 Ra2 36. Nc5 Bxc5 37. dxc5 Qxe5 38. Bxg5 Ra3+ 39. Rg3 Rxg3+ 40. fxg3 d4 41. Bf4 Qxc5 42. Bf3 e5 43. Qe1 Bd7 44. Bc1 Nb4 45. Be4 Nd5 46. h6 gxh6 47. Bxh6 Nf6 48. Bg5 Nxg4 49. Qa1 Nf2+ 50. Kh2 Nxe4 51. Qa8+ Kg7 52. Qxe4 Qd6 53. Kg1 Bc6 54. Qe2 Qd5 55. Qh2 Qf3 56. c3 dxc3 57. Bh6+ Kg6 58. Bf8 Qd1+ 59. Kf2 Qd2+ 0-1

[Event "POL-ch Ekstraliga-A Rapid"]
[Site "Bydgoszcz"]
[Date "2022.03.12"]
[Round "7.4"]
[White "Dwilewicz, Katarzyna"]
[Black "Bartel, Marta"]
[Result "0-1"]
[WhiteElo "2079"]
[BlackElo "2192"]
[PlyCount "52"]
[EventDate "2022.03.11"]
[EventType "team-tourn (rapid)"]
[EventRounds "10"]
[EventCountry "POL"]
[SourceTitle "CBM 207 Extra"]
[Source "ChessBase"]
[SourceDate "2022.05.31"]
[SourceVersion "1"]
[SourceVersionDate "2022.05.31"]
[SourceQuality "1"]
[WhiteTeam "Gostynin Gostmat 83"]
[BlackTeam "Wisznia Mala Bialy Krol"]
[WhiteTeamCountry "POL"]
[BlackTeamCountry "POL"]

1. e4 c5 2. Nf3 d6 3. d4 cxd4 4. Nxd4 Nf6 5. Nc3 Nc6 6. f3 e5 7. Nb3 Be7 8. Be3 0-0 9. Qd2 a5 10. Bb5 Na7 11. Bd3 Nc6 12. Rd1 a4 13. Nc1 Be6 14. 0-0 a3 15. b3 Nb4 16. Be2 d5 17. exd5 Nbxd5 18. Nxd5 Nxd5 19. Bc4 Nxe3 20. Qxe3 Qc7 21. Nd3 Bxc4 22. bxc4 Qxc4 23. Nxe5 Qxa2 24. Nd7 Rfe8 25. Nb6 Bf8 26. Qd3 Bc5+ 0-1